Statistiques concernant Les pays contenant entre 40 % et 50 % de sunnites

Cliquez ici pour prendre le quiz!

Statistiques générales

  • Ce quiz a été pris 7 fois
  • Le résultat moyen est 2 sur 6

Statistiques - réponses

HintRéponse% Correct
48,98 %Oman
67%
48,08 %Tchad
33%
48,72 %Érythrée
17%
47,36 %Kazakhstan
17%
45,03 %Malaisie
17%
46,88 %Burkina Faso
0%

Distribution des résultats

Percentile par nombre de réponses

% des personnes avec chaque résultat

Votre développement - résultats

Vous n’avez pas pris ce quiz